LEADER 00603nab a2200145 i 4500 001 000000273524 003 CaOOAMICUS 005 20100730000000.0 008 100730n xx uu u0 0und r 013 $a21824 040 $aSeMil$bita 245 10$aDossier presbyterium ; Les traductions liturgiques ; L'Église en Chine. - 64 p. - Titoli dalla copertina. 500 $aAOÛT 2010. 773 0 $t[2010 : N° 219-230].$dParis : Les Éditions du Cerf, 2010.$w()184649 996 $6245$aDossier presbyterium ; Les traductions liturgiques ; L'Église en Chine. - 64 p. - Titoli dalla copertina.$9(OLS)http://semarc/title/360724 LEADER 01206nam a2200205 i 4500 001 000000197224 003 CaOOAMICUS 005 20110208000000.0 008 110208n it u000 u ita u 013 $a175911 026 $aore- o-s- hij, jebi (3) 1700 (Q) 040 $aSeMil$bita 245 10$aSaggio di alcume massime dottrine e costumanze introdotte in questi ultimi tempi nella Diocesi di Prato e Pistoja in Toscana esteso da un'autorevole persona ... pubblicato da un amante della religione cattolica. 300 $a23, [1] p. ;$c8°. 500 $aIl v. dell'ultima c. è bianco. - Opuscolo tardosettecentesco, sul comportamento del clero. - Non compare nel Dizionario di opere anonime e pseudonime ?. 650 4$aPistoia e Prato .$0(OLS)http://semarc/subject/36994 773 0 $t[Miscellanea.$w()24256 850 $aSeMil 852 $aSeMil$W1$xVenegono$y1$m5A I 16/4 FA$j147783$B147783$CSeMilBibl$Z2$F159285 $8I 996 $6245$aSaggio di alcume massime dottrine e costumanze introdotte in questi ultimi tempi nella Diocesi di Prato e Pistoja in Toscana esteso da un'autorevole persona ... pubblicato da un amante della religione cattolica$9(OLS)http://semarc/title/284762